Niekoľko rád pri kúpe poľovníckej zbrane

Bibliographic Details
Main Author: Junáč, Štefan (Author)
Format: Article
Language:Slovak
PhysicalDescription:Obr., sch.
ISSN:1335-5740
Subjects:

MARC

LEADER 00000nab a2200000 a 4500
001 vtls008153254
003 SK-MaSNL
005 20260304144333.0
008 250505c2005 xo zr|p|||||||000 b|slo
015 |a SNBRB2005/05  |2 snkbucl 
035 |a (uuid)5915f053-5927-4bed-9caf-eee34c58818b 
035 |a urn:nbn:sk:snk-ab24ao 
035 |a (urnnbn)urn:nbn:sk:snk:ar-a01l48 
038 |a SNKBUCL 
040 |a SNKBUCL  |b slo  |c SNKBUCL  |e AACR2 
041 0 |a slo 
044 |a xo  |c SK 
080 |a 639.1.081.18:339.186  |2 UDC-MRF-SK2 
080 |a 339.186  |2 UDC-MRF-SK2 
080 |a 623.442.6  |2 UDC-MRF-SK2 
100 1 |a Junáč, Štefan  |4 aut  |9 1405032 
245 1 0 |a Niekoľko rád pri kúpe poľovníckej zbrane  |c Štefan Junáč 
300 |b Obr., sch. 
650 0 7 |a poľovnícke zbrane  |2 snkbucl  |9 69014 
650 0 7 |a nákup  |2 snkbucl  |9 15623 
773 0 |t Zbrane, strelci a lovci  |g Roč. VI, č. 1 (2005), s. 116-117  |x 1335-5740 
850 |a Slovenská národná knižnica 
852 |a Slovenská národná knižnica 
958 |a article27 
958 |a OND 
958 |a EUIPO 
999 |c 2930739  |d 2932669